000 01166nac a22003497a 4500
001 BR7301076
003 BR-BrBNA
005 20240105113455.0
008 230509b bl.|||m| |||| 00| 0 por d
040 _aBR-BrBNA
_bpor
_cBiblioteca Nacional de Agricultura
072 _aQ10
090 _a9910 BR7301076
100 1 _aBarbosa, L.F.
100 1 _aParreira, P.
100 1 _aIcuno, H.
100 1 _aLourenco, S.
100 1 _aGomes, F.P.
100 1 _aCampos, H. de
110 1 _aSecretaria da Agricultura do Estado de Sao Paulo, Sao Paulo (Brasil). Depto. da Producao Vegetal. Secao de Fiscalizacao e Classificacao de Cafe
_98238
245 1 _aInfluencia do tempo de degomagem sobre o rendimento do cafe despolpado [Coffea arabica; Tecnologia de alimento]
260 3 _aSao Paulo, SP (Brasil):
_cNov 1963.
300 _a27 p.
490 _aSFCC (Brazil)
_vno. 3
_x
500 _a5 ref., Summary (En)
650 _aTecnologia de alimento
650 _aCafe tratado
650 _aDegomagem
650 _aIndustria alimenticia
650 _aTratamento de alimento
909 _a202312
_bLúcia Elande
_c55
_dLúcia Elande
942 _2AGRIS
_n0
_cMS
999 _c263932
_d263932